| 000 | 01043nam a22003011i 4500 | ||
|---|---|---|---|
| 003 | EG-ScBUE | ||
| 005 | 20230226032140.0 | ||
| 008 | 150615s2014 cauc f 000 0 eng d | ||
| 020 | _a9781600584329 | ||
| 040 |
_aEG-ScBUE _beng _erda _cEG-ScBUE _dEG-ScBUE |
||
| 082 | 0 | 4 |
_a743.69772 _bKNO _222 |
| 100 | 1 |
_aKnox, Cynthia, _eauthor. _939400 |
|
| 245 | 1 | 4 |
_aDogs & Puppies : _blearn to draw a variety of canine companions step by step / _cby Cynthia Knox. |
| 246 | 3 |
_aDogs and Puppies : _blearn to draw a variety of canine companions step by step |
|
| 264 | 1 |
_aIrvine, CA : _bWalter Foster, _c2014. |
|
| 300 |
_a32 pages : _bportraits ; _c35 cm. |
||
| 336 |
_2rdacontent _atext _btxt |
||
| 337 |
_2rdamedia _aunmediated _bn |
||
| 338 |
_2rdacarrier _avolume _bnc |
||
| 490 | 0 |
_aDrawing. _aHow to Draw & Paint _vHT334 |
|
| 650 | 7 |
_aDogs in art. _2BUEsh |
|
| 650 | 7 |
_aPuppies in art. _2BUEsh |
|
| 650 | 7 |
_aDrawing _xTechnique. _2BUEsh |
|
| 651 | _2BUEsh | ||
| 653 |
_bCOMAME _cJune2015 _cFebruary2016 |
||
| 655 | _vReading book | ||
| 942 |
_2ddc _cBB |
||
| 999 |
_c19657 _d19629 |
||